000
00306nam a22001337a 4500
008
170522b xxu||||| |||| 00| 0 eng d
020
_a
2900231121391
041
_a
eng
080
_2
2ND
_a
94
100
_a
16
101
_a
SHH
245
_a
SOURCES OF JAPANESE TRADITION
_c
THEODORE, W.M
942
_2
udc
_c
BK
999
_c
13793
_d
13793